Instructor's Manual with Test Questions Business Data Communications and Networking : (Record no. 13231)
[ view plain ]
| 000 -LEADER | |
|---|---|
| fixed length control field | 00867nam a22001937a 4500 |
| 008 - FIXED-LENGTH DATA ELEMENTS--GENERAL INFORMATION | |
| fixed length control field | 100131t xxu||||| |||| 00| 0 eng d |
| 020 ## - INTERNATIONAL STANDARD BOOK NUMBER | |
| International Standard Book Number | 0130830003 |
| 082 ## - DEWEY DECIMAL CLASSIFICATION NUMBER | |
| Edition number | 22 |
| Classification number | 005.71 |
| Item number | PAN |
| 100 ## - MAIN ENTRY--PERSONAL NAME | |
| 9 (RLIN) | 10753 |
| Personal name | Panko, Raymond R. |
| 245 ## - TITLE STATEMENT | |
| Title | Instructor's Manual with Test Questions Business Data Communications and Networking : |
| Remainder of title | A Modular Approach/ |
| Statement of responsibility, etc | Raymond R. Panko. |
| 250 ## - EDITION STATEMENT | |
| Edition statement | 2nd ed. |
| 260 ## - PUBLICATION, DISTRIBUTION, ETC. (IMPRINT) | |
| Place of publication, distribution, etc | Upper Saddle River, N.J. : |
| Name of publisher, distributor, etc | Prentice-Hall, 1999 |
| Date of publication, distribution, etc | 1999 |
| 300 ## - PHYSICAL DESCRIPTION | |
| Extent | 101 p.; |
| Dimensions | 28 cm. |
| 650 ## - SUBJECT ADDED ENTRY--TOPICAL TERM | |
| 9 (RLIN) | 10754 |
| Topical term or geographic name as entry element | Computer networks |
| General subdivision | -- Management -- Study guides. |
| 650 ## - SUBJECT ADDED ENTRY--TOPICAL TERM | |
| 9 (RLIN) | 10755 |
| Topical term or geographic name as entry element | Data transmission systems |
| General subdivision | -- Study guides. |
| 650 ## - SUBJECT ADDED ENTRY--TOPICAL TERM | |
| 9 (RLIN) | 10756 |
| Topical term or geographic name as entry element | Business enterprises |
| General subdivision | -- Computer networks -- Study guides |
| 942 ## - ADDED ENTRY ELEMENTS (KOHA) | |
| Source of classification or shelving scheme | Dewey Decimal Classification |
| Item type | Book - Borrowing |
| Withdrawn status | Item status | Source of classification or shelving scheme | Damaged status | Not for loan | Vendor | Home library | Current library | Shelving location | Date acquired | Source of acquisition | Total Checkouts | Full call number | Barcode | Date last seen | Koha item type |
|---|---|---|---|---|---|---|---|---|---|---|---|---|---|---|---|
| Dewey Decimal Classification | Central Library | Central Library | Lower Floor | 31/01/2010 | Donation | 005.71 PAN | 000019443 | 15/07/2025 | Book - Borrowing |